000 00790cab a2200241 4500
001 WB3025-37
008 090401t1994 xxu||||| |||| 00| 0 eng d
035 _a(Sirsi) u28822
041 _aeng
245 _aConcern on coal extraction
260 _c1994
350 _a0
490 _aDoE News Release
_v(368) 28 June 1994 (2)
520 _aReference to the `national interest` has been removed from draft mineral planning guidance on coal extraction as it has been interpreted as a presumption in favour of coal mining development.
650 _aCOAL MINING
650 _aEnvironment
_96238
650 _aENVIRONMENTAL IMPACT
650 _aMINERAL PLANNING GUIDANCE
650 _aSUSTAINABLE DEVELOPMENT
690 _aMINING AND MINERALS
942 _n0
948 _c04/03/1997
999 _c19388
_d19388